000 00356nam a2200157Ia 4500
008 230711s9999||||xx |||||||||||||| ||und||
041 _aENG
082 _a720
_bDE-C
100 _aDemoed,Trudie
245 0 _aCalligraphy for beginners
250 _a1st Ed.
260 _c1994
_aLondon
_bBloomsbury
300 _a93
650 _aArchitecture
942 _cBK
999 _c3281
_d3281